[Event "Wch U16 blitz"]
[Site "Batumi"]
[Date "2023.06.10"]
[Round "1"]
[White "Aleksanyan, Davit"]
[Black "Lagardien, Ismaeel"]
[Result "1-0"]
[WhiteElo "1863"]
[BlackElo "1279"]
[PlyCount "55"]
[EventDate "2023.06.10"]
[EventType "swiss (blitz)"]
[EventRounds "11"]
[EventCountry "GEO"]
[SourceTitle "EXT 2024"]
[Source "ChessBase"]
[SourceDate "2023.10.10"]
[SourceVersion "1"]
[SourceVersionDate "2023.10.10"]
[SourceQuality "1"]
[WhiteTeam "Armenia"]
[BlackTeam "South Africa"]
[WhiteTeamCountry "ARM"]
[BlackTeamCountry "RSA"]

1. e4 e6 2. d3 d5 3. Nd2 dxe4 4. dxe4 e5 5. Bd3 Nf6 6. Ngf3 Nc6 7. 0-0 Bd6 8. Nc4 0-0 9. h3 h6 10. c3 Be6 11. Qc2 Qe7 12. Bd2 a6 13. Rad1 b5 14. Ne3 Rab8 15. Nh4 b4 16. Nef5 Bxf5 17. Nxf5 Qe6 18. Qc1 a5 19. cxb4 Nxb4 20. Bc4 Qd7 21. Nxh6+ gxh6 22. Bxh6 Kh7 23. Qg5 Rg8 24. Qh4 Kg6 25. Be3 Nh5 26. Qg5+ Kh7 27. Qxh5+ Kg7 28. Qh6# 1-0

[Event "RSA-ch U10"]
[Site "Bloemfontein"]
[Date "2016.03.25"]
[Round "10"]
[White "Lagardien, Ismaeel"]
[Black "Huisamen, Botha Brandt"]
[Result "0-1"]
[WhiteElo "1102"]
[BlackElo "1034"]
[PlyCount "42"]
[EventDate "2016.03.20"]
[EventType "swiss"]
[EventRounds "11"]
[EventCountry "RSA"]
[SourceTitle "CBM 171 Extra"]
[Source "ChessBase"]
[SourceDate "2016.04.26"]
[SourceVersion "1"]
[SourceVersionDate "2016.04.26"]
[SourceQuality "1"]

1. e4 e5 2. Nf3 Nc6 3. Bb5 Bc5 4. Bxc6 dxc6 5. 0-0 Bd7 6. h3 Nf6 7. d3 Be6 8. Be3 Qd7 9. Nbd2 h6 10. c3 g5 11. Nh2 g4 12. hxg4 Nxg4 13. Nxg4 Bxg4 14. f3 Be6 15. Qc2 h5 16. Kh1 h4 17. g4 hxg3+ 18. Kg1 Bh3 19. Rae1 Bg2 20. Kxg2 Qh3+ 21. Kg1 Qh1# 0-1

[Event "RSA-ch U10"]
[Site "Bloemfontein"]
[Date "2016.03.23"]
[Round "6"]
[White "Lagardien, Ismaeel"]
[Black "Webber, Ethan James"]
[Result "1/2-1/2"]
[WhiteElo "1102"]
[BlackElo "1192"]
[PlyCount "83"]
[EventDate "2016.03.20"]
[EventType "swiss"]
[EventRounds "11"]
[EventCountry "RSA"]
[SourceTitle "CBM 171 Extra"]
[Source "ChessBase"]
[SourceDate "2016.04.26"]
[SourceVersion "1"]
[SourceVersionDate "2016.04.26"]
[SourceQuality "1"]

1. e4 c5 2. d4 cxd4 3. c3 d6 4. Bc4 Nf6 5. Qd3 Nc6 6. Nf3 e6 7. Bf4 d5 8. exd5 Nxd5 9. Bxd5 Qxd5 10. 0-0 Be7 11. Rd1 dxc3 12. Qxd5 exd5 13. Nxc3 0-0 14. Nxd5 b5 15. Nxe7+ Nxe7 16. Rd2 Bb7 17. Nd4 a6 18. Rad1 Rfd8 19. Bg5 f6 20. Bh4 Kf7 21. Bg3 Rd7 22. Nb3 Rd5 23. Na5 Rxd2 24. Rxd2 Rc8 25. h3 Bd5 26. a3 Be6 27. Nb7 Ra8 28. Nd8+ Rxd8 29. Rxd8 Nc6 30. Rd6 Na5 31. b4 Nc4 32. Rxa6 Nb2 33. Rb6 Nc4 34. Bh2 Kg6 35. Be5 Nxa3 36. Ra6 Kg5 37. Ba1 Bb3 38. Rxa3 Kf4 39. Kf1 Ke4 40. Ke2 h6 41. Kd2 f5 42. Kc3 1/2-1/2

[Event "RSA-ch U10"]
[Site "Bloemfontein"]
[Date "2016.03.22"]
[Round "5"]
[White "Van Wyngaard, Zander"]
[Black "Lagardien, Ismaeel"]
[Result "1-0"]
[WhiteElo "1134"]
[BlackElo "1102"]
[PlyCount "72"]
[EventDate "2016.03.20"]
[EventType "swiss"]
[EventRounds "11"]
[EventCountry "RSA"]
[SourceTitle "CBM 171 Extra"]
[Source "ChessBase"]
[SourceDate "2016.04.26"]
[SourceVersion "1"]
[SourceVersionDate "2016.04.26"]
[SourceQuality "1"]

1. d4 d5 2. c4 c6 3. e3 Nf6 4. Nc3 Bf5 5. Qb3 Qc7 6. cxd5 cxd5 7. Nxd5 Nxd5 8. Qxd5 e6 9. Qc4 Qxc4 10. Bxc4 a6 11. a4 Bb4+ 12. Bd2 Bxd2+ 13. Kxd2 0-0 14. Nf3 Nc6 15. Rac1 Rfd8 16. Ke2 Bg4 17. h3 Bxf3+ 18. Kxf3 Rd7 19. Rhd1 Rad8 20. Rd2 e5 21. d5 Nb4 22. g3 g6 23. Rcd1 Kg7 24. Ke4 f6 25. f4 exf4 26. gxf4 f5+ 27. Kf3 Kf6 28. d6 h6 29. h4 g5 30. fxg5+ hxg5 31. hxg5+ Kxg5 32. e4 fxe4+ 33. Kxe4 Nc6 34. Be6 Rh7 35. d7 Kf6 36. Rd6 Re7 1-0

[Event "RSA-ch U10"]
[Site "Bloemfontein"]
[Date "2016.03.21"]
[Round "2"]
[White "Lagardien, Ismaeel"]
[Black "Van Schaik, Migael"]
[Result "0-1"]
[WhiteElo "1102"]
[BlackElo "1201"]
[PlyCount "106"]
[EventDate "2016.03.20"]
[EventType "swiss"]
[EventRounds "11"]
[EventCountry "RSA"]
[SourceTitle "CBM 171 Extra"]
[Source "ChessBase"]
[SourceDate "2016.04.26"]
[SourceVersion "1"]
[SourceVersionDate "2016.04.26"]
[SourceQuality "1"]

1. e4 e5 2. Nf3 Nc6 3. Bb5 Nge7 4. Bxc6 Nxc6 5. 0-0 Bc5 6. d3 0-0 7. Be3 Bb6 8. Nbd2 d6 9. h3 Be6 10. c3 Qf6 11. Bxb6 axb6 12. a3 Qg6 13. Kh1 f5 14. Nh4 Qf6 15. exf5 Bxf5 16. Nxf5 Qxf5 17. Qf3 Qxf3 18. Nxf3 h6 19. h4 g6 20. d4 Rae8 21. Rfe1 Kg7 22. Re2 Rf5 23. Rae1 b5 24. b3 b6 25. Re3 Kf6 26. g3 g5 27. hxg5+ hxg5 28. Kg2 Re7 29. Re4 d5 30. dxe5+ Nxe5 31. Rxe5 Rfxe5 32. Rxe5 Rxe5 33. Nxe5 Kxe5 34. Kf3 Kf5 35. Ke3 c6 36. f3 Ke5 37. f4+ gxf4+ 38. gxf4+ Kf5 39. Kf3 c5 40. Ke3 Ke6 41. Kd3 Kf5 42. Ke3 Kg4 43. f5 Kxf5 44. Kd3 Ke5 45. Ke3 d4+ 46. cxd4+ cxd4+ 47. Kd3 Kd5 48. Kd2 Ke4 49. Kc2 d3+ 50. Kd2 Kd4 51. Kd1 Ke3 52. Ke1 d2+ 53. Kd1 Kd3 0-1

[Event "RSA-ch U08"]
[Site "Waterkloof"]
[Date "2015.04.06"]
[Round "3"]
[White "Van Schaik, Migael"]
[Black "Lagardien, Ismaeel"]
[Result "1-0"]
[WhiteElo "1024"]
[BlackElo "817"]
[PlyCount "67"]
[EventDate "2015.04.04"]
[EventType "swiss"]
[EventRounds "9"]
[EventCountry "RSA"]
[SourceTitle "CBM 166 Extra"]
[Source "ChessBase"]
[SourceDate "2015.06.18"]
[SourceVersion "1"]
[SourceVersionDate "2015.06.18"]
[SourceQuality "1"]

1. e4 e5 2. Nf3 Nc6 3. Bb5 a6 4. Ba4 b5 5. Bb3 Bc5 6. c3 Nf6 7. d4 Na5 8. Bc2 exd4 9. cxd4 Bb4+ 10. Bd2 Bxd2+ 11. Nbxd2 d5 12. 0-0 dxe4 13. Nxe4 Bf5 14. Nxf6+ Qxf6 15. Bxf5 Qxf5 16. Re1+ Kf8 17. Re3 Rd8 18. Qe2 Nc4 19. Re4 g6 20. Re1 Nd6 21. Re5 Re8 22. Rxe8+ Nxe8 23. Qxe8+ Kg7 24. Nh4 Rxe8 25. Nxf5+ gxf5 26. Rxe8 a5 27. Kf1 a4 28. Ke2 b4 29. a3 bxa3 30. bxa3 f6 31. Re7+ Kg6 32. Rxc7 h5 33. d5 h4 34. d6 1-0